Highest Grossing Movies of 1999 - Statistics

General Stats
  • This quiz has been taken 96 times
  • The average score is 8 of 39
Answer Stats
Rank Gross Movie Company % Correct
3 $497,400,000 Toy Story 2 Disney – Pixar
93%
1 $1,027,000,000 Star Wars: Episode I – The Phantom Menace 20th Century Fox – Lucasfilm
80%
4 $463,500,000 The Matrix Warner Bros. Pictures
65%
5 $448,200,000 Tarzan Walt Disney Pictures
58%
9 $356,300,000 American Beauty DreamWorks Pictures
55%
38 $100,900,000 Fight Club 20th Century Fox
53%
11 $312,000,000 Austin Powers: The Spy Who Shagged Me New Line Cinema
48%
10 $312,000,000 The Blair Witch Project Artisan Entertainment
48%
2 $672,800,000 The Sixth Sense Hollywood Pictures
43%
8 $361,800,000 The World Is Not Enough United Artists – Eon Productions
43%
14 $290,700,000 The Green Mile Warner Bros. Pictures
40%
15 $235,500,000 American Pie Universal Pictures
38%
6 $415,900,000 The Mummy Universal Pictures
30%
19 $212,000,000 End of Days Universal Pictures
18%
20 $207,000,000 Sleepy Hollow Paramount Pictures
18%
25 $163,600,000 Pokémon: The First Movie Warner Bros. – Nintendo
15%
17 $222,100,000 Wild Wild West Warner Bros. Pictures
15%
16 $234,800,000 Big Daddy Columbia Pictures
13%
26 $162,100,000 Eyes Wide Shut Warner Bros. Pictures
13%
28 $151,500,000 The Bone Collector Universal – Columbia Pictures
13%
13 $300,100,000 Stuart Little Columbia Pictures
8%
31 $128,800,000 The Talented Mr. Ripley Paramount Pictures – Miramax
8%
27 $161,600,000 Payback Paramount – Warner Bros.
5%
12 $309,400,000 Runaway Bride Paramount – Touchstone Pictures
5%
37 $103,200,000 She's All That Miramax Films
5%
23 $176,900,000 Analyze This Warner Bros. Pictures
3%
35 $114,000,000 Anna and the King 20th Century Fox
3%
39 $100,200,000 Any Given Sunday Warner Bros. Pictures
3%
24 $164,600,000 Deep Blue Sea Warner Bros. Pictures
3%
18 $212,400,000 Entrapment 20th Century Fox
3%
30 $134,400,000 Inspector Gadget Walt Disney Pictures
3%
21 $177,300,000 The Haunting DreamWorks Pictures
3%
34 $117,700,000 Blue Streak Columbia Pictures
0%
22 $177,000,000 Double Jeopardy Paramount Pictures
0%
33 $118,000,000 Message in a Bottle Warner Bros. Pictures
0%
7 $363,900,000 Notting Hill Universal Pictures
0%
29 $149,000,000 The General's Daughter Paramount Pictures
0%
32 $124,300,000 The Thomas Crown Affair Metro-Goldwyn-Mayer
0%
36 $107,700,000 Three Kings Warner Bros. Pictures
0%
No matching quizzes found
Score Distribution
Percent of People with Each Score
Percentile by Number Answered
Your Score History
You have not taken this quiz